000 00776nam a2200277 i 4500
001 C2-0334728
003 PPAK
005 20180728134449.0
008 151115s2014 my a|||| ||||| | may d
020 _a9789674490324
040 _aPPAK
_beng
_cPPAK
_erda
082 0 4 _a899.233
_223
090 0 0 _a899.233
_bNUR
_dK
100 0 _aNur Shamsiah On,
_d1973-
_eauthor
245 1 0 _aSaranghae, Ana
264 1 _aKuala Lumpur :
_bAna Muslim ,
_c2014
300 _a128 pages :
_billustrations ;
_c17 cm
336 _2rdacontent
_atext
337 _2rdamedia
_aunmediated
338 _2rdacarrier
_avolume
490 1 _aSiri Ana Muslim
650 1 0 _aChildren's stories, Malay. ; Malay fiction.
700 0 _aEcah,
_eeditor
830 0 _aSiri Ana Muslim
942 _ddc
_cB
999 _c133161
_d133161